000 01294nam a22003617a 4500
001
003 DO-SdBNP
005 20230324080705.0
007 000431
008 160801b 2003 a mx ||||| |||| 00| 0 spa d
020 _a9681912233
020 _a9789681912239
040 _aBPMSU
_bspa
_cBPMSU
082 4 _a272.2
_bE97m 2003
_222
100 1 _aEymeric, Nicolau
_d1320-1399
_b
245 1 0 _aManual del inquisidor ;
_bUna mirada a la magia /
_cNicolau Eymeric ; prólogo José Luis Trueba Lara ; Pico de la Mirandola ... [et al.].
246 1 3 _5Una mirada a la magia: los magos,sus prácticas y su mundo
260 _aMéxico :
_bAlamah,
_c2003.
300 _a110, 103 p. :
_bil. ;
_c16 cm.
490 0 _aAlamah. Esoterismo
500 _aIncluye referencias bibliográficas y notas al pie de las páginas.
563 _aDos obras encuadernadas juntas con paginación invertida.
590 _6Inventariado, 2023/VM
650 4 _aInquisición
_vManuales
650 4 _aMagia
650 4 _aSantería
650 4 _aBrujería
700 1 _aMirandola, Pico de la
700 1 _aTrueba Lara, José Luis,
_epról.
740 0 2 _aUna mirada a la magia : los magos, sus prácticas y su mundo
910 _aLOPEREZ/ VMateo V. Control de calidad (BPMSU)
942 _2ddc
_cBK
999 _c11065
_d11065